Social justice in the ancient world (Record no. 20090)
[ view plain ]
| 000 -LEADER | |
|---|---|
| fixed length control field | 01900nam a2200373 a 4500 |
| 082 04 - DEWEY DECIMAL CLASSIFICATION NUMBER | |
| Classification number | 303.3/72/0938 |
| 245 00 - TITLE STATEMENT | |
| Title | Social justice in the ancient world |
| 260 ## - PUBLICATION, DISTRIBUTION, ETC. (IMPRINT) | |
| Place of publication | Westport, Conn. : |
| Name of publisher | Greenwood Press, |
| Year of publication | 1995. |
| 300 ## - PHYSICAL DESCRIPTION | |
| Number of Pages | viii, 224 p. |
| 490 1# - SERIES STATEMENT | |
| Series statement | Contributions in political science, |
| -- | Global perspectives in history and politics |
| 500 ## - GENERAL NOTE | |
| General note | "This volume resulted from a Conference on Social Justice in the Ancient World held at the City College of the City University of New York on March 10, 11, and 13. All the papers read at the conference are published here, with the exceptions ... "--Pref. |
| 650 #0 - SUBJECT ADDED ENTRY--TOPICAL TERM | |
| Topical Term | Social justice |
| Topical Term | Civilization, Ancient |
| 700 1# - ADDED ENTRY--PERSONAL NAME | |
| Personal name | Irani, K. D. |
| Personal name | Silver, Morris. |
| 856 40 - ELECTRONIC LOCATION AND ACCESS | |
| Uniform Resource Identifier | http://site.ebrary.com/lib/rucke/Doc?id=10001949 |
No items available.
